000 01431cac a2200385 i 4500
003 EG-GICUC
005 20260121101412.0
008 960409s1996 enk frb 001 0 eng d
020 _a0198260989
_qpbk.
020 _a9780198260981
_q(pbk.)
040 _aDLC
_cDLC
_dDLC
_d9780198260981
_beng
_erda
043 _an-us---
050 0 0 _aKF4651
_b.H45 1996
082 0 0 _a342.073
_221
092 0 4 _221
099 _aLaw 08 1996
100 1 _aHenkin, Louis.
245 1 0 _aForeign affairs and the United States Constitution /
_cLouis Henkin.
246 1 8 _aForeign affairs and the US Constitution
250 _a2nd edition.
264 _aOxford :
_bClarendon Press ;
_aNew York :
_bOxford University Press,
_c1996.
300 _alxxii, 582 page ;
_c24 cm.
336 _atext
_btxt
_2rdacontent
337 _aunmediated
_bn
_2rdamedia
338 _avolume
_bnc
_2rdacarrier
500 _aRev. ed. of: Foreign affairs and the Constitution. 1972.
504 _aIncludes bibliographical references (p. [325]-553) and index.
650 0 _aConstitutional law
_zUnited States.
651 0 _aUnited States
_xForeign relations
_xLaw and legislation.
700 1 _aHenkin, Louis.
_tForeign affairs and the Constitution.
856 4 2 _uhttps://fll.law.cu.edu.eg/fulltext/bks/ENGB08-00072.pdf
856 4 2 _3Publisher description
_uhttp://www.loc.gov/catdir/enhancements/fy0605/96017202-d.html
905 _a10
942 _2ddc
_cBK
_e21
_n0
999 _c47715
_d47715